| 000 | 00791nam a2200241 a 4500 | ||
|---|---|---|---|
| 001 | 36038 | ||
| 003 | BD-RjUL | ||
| 005 | 20211209052425.0 | ||
| 008 | 140615s1952 enk 000 0 eng d | ||
| 035 | _a(BD-RjUL)36135 | ||
| 040 |
_aNUN:S _beng _cNUN:S _dNUN:S _dBD-RjUL |
||
| 041 | _aeng | ||
| 082 | 0 | 0 |
_a190 _220 _bMUP 1952 |
| 100 | 1 |
_aMunz, Peter, _d1921- _9109701 |
|
| 245 | 1 | 4 |
_aThe place of Hooker in the history of thought / _cPeter Munz. |
| 260 |
_aLondon : _bRoutledge & Kegan Paul, _c1952. |
||
| 300 |
_ax, 217 p. ; _c23 cm. |
||
| 504 | _aIncludes bibliographical references and index. | ||
| 600 | 1 | 0 |
_aHooker, Richard, _d1553 or 4-1600. _9109707 |
| 650 | 0 |
_aChurch and state _zGreat Britain _xEarly works to 1800. _9109703 |
|
| 650 | 0 |
_aPhilosophy, Modern. _9109704 |
|
| 942 |
_2ddc _cBK |
||
| 999 |
_c36038 _d36038 |
||